000 00720nam a22002292 4500
001 0000024326
005 20151217152259.0
008 130712s xx 000 0 eng d
020 _a0801653126 :
040 _aKABU
_cKABU
245 1 0 _aNursing care of the critically ill child /
_c[editor] Mary Fran Hazinski.
250 _a2nd ed.
260 _aSt. Louis, MI :
_bMosby,
_c1992.
300 _axx, 1127 p.
650 0 _aPediatric intensive care.
_@0000180525
650 0 _aPediatric nursing.
_@0000179544
650 0 _aIntensive care nursing.
_@0000183651
700 1 _aHazinski, Mary Fran.
_@0000132681
852 1 _9p1000 KES
908 _a130712
950 _@1
999 _c10222
_d10222